Issues in expressive arts Curriculum for early childhood : an australian perspective

Αποθηκεύτηκε σε:
Λεπτομέρειες βιβλιογραφικής εγγραφής
Κύριος συγγραφέας: Schiller, Wendy
Μορφή: Βιβλίο
Γλώσσα:English
Δημοσίευση: Amsterdam : Gordon and Breach, 1996
Θέματα:
Ετικέτες: Προσθήκη ετικέτας
Δεν υπάρχουν, Καταχωρήστε ετικέτα πρώτοι!

MARC

LEADER 00000nam a2200000 i 4500
001 1/94393
008 991126s1996 eng d
020 |a 2-919875-21-3 
035 |l 10054787 
040 |a GR-MY-UA  |b gre  |e aacr 
041 0 |a eng 
082 0 |a 372.5043 
100 1 |a Schiller, Wendy. 
245 1 0 |a Issues in expressive arts Curriculum for early childhood :  |b an australian perspective /  |c Wendy Schiller 
260 |a Amsterdam :   |b Gordon and Breach,   |c 1996 
300 |a 128 p. 
650 0 0 |a Arts  |x Study and teaching (Elementary) 
650 0 0 |a Education, Elementary  |x Curricula. 
852 |a INST  |b RHODES  |e 19991126  |h 372.5043 SCH  |p 005400012473  |q 005400012473  |t BK  |y 0 
901 |a BIBL4-1999-3 
909 |a Ρ  |b 068839 
922 |a 4ΕΛΗ  |b 199909  |c ΚΠΣ/154  |d GLORY BOOKS 
970 |a ΚΟΥΛΑΚΙΟΤΗ  |b ΛΙΤΣΑ  |z 1999/11/26